Online
Catalog

Psicología para abogados / (Record no. 8170)

MARC details
000 -CABECERA
campo de control de longitud fija 01422nam a2200397 a 4500
001 - NÚMERO DE CONTROL
campo de control 000008399
005 - FECHA Y HORA DE LA ÚLTIMA TRANSACCIÓN
campo de control 20260217122010.0
008 - DATOS DE LONGITUD FIJA--INFORMACIÓN GENERAL
campo de control de longitud fija 090706s2009 dr r 000 0 spa d
020 ## - NÚMERO INTERNACIONAL ESTÁNDAR DEL LIBRO
ISBN cancelado o inválido 9768175494
040 ## - FUENTE DE LA CATALOGACIÓN
Centro catalogador/agencia de origen DO-SdBNP
Lengua de catalogación spa
Centro/agencia transcriptor BNPHU
082 ## - NÚMERO DE LA CLASIFICACIÓN DECIMAL DEWEY
Número de clasificación 340.115
Número de documento/Ítem M516p, 2009
100 1# - ENTRADA PRINCIPAL--NOMBRE DE PERSONA
Nombre de persona Mejía-Ricart G., Tirso,
Fechas asociadas al nombre 1936-2021
Forma completa/desarrollada del nombre (Mejía-Ricart Guzmán)
9 (RLIN) 1569
245 10 - MENCIÓN DE TÍTULO
Título Psicología para abogados /
Mención de responsabilidad, etc. Tirso Mejía Ricart ; prólogo Luis Scheker Ortíz.
250 ## - MENCIÓN DE EDICIÓN
Mención de edición 3a ed.
260 ## - PUBLICACIÓN, DISTRIBUCIÓN, ETC.
Lugar de publicación, distribución, etc. Santo Domingo :
Nombre del editor, distribuidor, etc. Búho,
Fecha de publicación, distribución, etc. 2009.
300 ## - DESCRIPCIÓN FÍSICA
Extensión 420 p. ;
Dimensiones 23 cm.
490 1# - MENCIÓN DE SERIE
Mención de serie Fundación Mejía Ricart-Guzmán Boom. Textos básicos ;
Designación de volumen o secuencia 10
490 1# - MENCIÓN DE SERIE
Mención de serie Textos básicos ;
500 ## - NOTA GENERAL
Nota general Incluye datos biográficos del autor en las solapas
504 ## - NOTA DE BIBLIOGRAFÍA, ETC.
Nota de bibliografía, etc. Bibliografía : p. 413-420
590 ## - NOTA LOCAL (RLIN)
Nota local Inventariado, 2018/BT
650 #4 - PUNTO DE ACCESO ADICIONAL DE MATERIA--TÉRMINO DE MATERIA
Término de materia o nombre geográfico como elemento de entrada Derecho
Subdivisión general Aspectos psicológicos
9 (RLIN) 9509
650 #4 - PUNTO DE ACCESO ADICIONAL DE MATERIA--TÉRMINO DE MATERIA
Término de materia o nombre geográfico como elemento de entrada Psicología criminal
9 (RLIN) 9510
650 #4 - PUNTO DE ACCESO ADICIONAL DE MATERIA--TÉRMINO DE MATERIA
Término de materia o nombre geográfico como elemento de entrada Psicología forence
9 (RLIN) 9511
650 #0 - PUNTO DE ACCESO ADICIONAL DE MATERIA--TÉRMINO DE MATERIA
Término de materia o nombre geográfico como elemento de entrada Derecho y ética
9 (RLIN) 9512
650 #0 - PUNTO DE ACCESO ADICIONAL DE MATERIA--TÉRMINO DE MATERIA
Término de materia o nombre geográfico como elemento de entrada Drogadicción
9 (RLIN) 6035
650 #4 - PUNTO DE ACCESO ADICIONAL DE MATERIA--TÉRMINO DE MATERIA
Término de materia o nombre geográfico como elemento de entrada Desviaciones sexuales
9 (RLIN) 9513
650 #4 - PUNTO DE ACCESO ADICIONAL DE MATERIA--TÉRMINO DE MATERIA
Término de materia o nombre geográfico como elemento de entrada Homosexualidad
9 (RLIN) 1116
650 #4 - PUNTO DE ACCESO ADICIONAL DE MATERIA--TÉRMINO DE MATERIA
Término de materia o nombre geográfico como elemento de entrada Delitos sexuales
9 (RLIN) 697
650 #4 - PUNTO DE ACCESO ADICIONAL DE MATERIA--TÉRMINO DE MATERIA
Término de materia o nombre geográfico como elemento de entrada Delitos
9 (RLIN) 9514
650 #0 - PUNTO DE ACCESO ADICIONAL DE MATERIA--TÉRMINO DE MATERIA
Término de materia o nombre geográfico como elemento de entrada Delincuencia juvenil
9 (RLIN) 1711
700 1# - PUNTO DE ACCESO ADICIONAL--NOMBRE DE PERSONA
Nombre de persona Scheker Ortiz, Luis,
Término indicativo de función/relación pról.
9 (RLIN) 9515
830 #0 - PUNTO DE ACCESO ADICIONAL DE SERIE-TÍTULO UNIFORME
Título uniforme Fundación Mejía Ricart-Guzmán Boom ;
9 (RLIN) 22647
830 #0 - PUNTO DE ACCESO ADICIONAL DE SERIE-TÍTULO UNIFORME
Título uniforme Textos básicos ;
Número de parte o sección de la obra 10
9 (RLIN) 22648
910 ## - DATOS DE OPCIÓN DEL USUARIO (OCLC)
Datos de opción del usuario Validado. Control de calidad. MMOLINA
Holdings
Estado de retiro Estado de pérdida Restricciones de uso No para préstamo Código de colección Localización permanente Ubicación/localización actual Ubicación en estantería Fecha de adquisición Número de inventario Total de préstamos Signatura topográfica completa Código de barras Fecha visto por última vez Número de copia Precio válido a partir de Tipo de ítem Koha
        Dominicana de Servicio General General Depósito 16.09.2009 LF1   340.115 M516p, 2009 8399-30 25.06.2020 e.3 25.06.2020 Libro y Folleto Colección Dominicana de Servicio
      Excluido de préstamo Patrimonio Dominicano Patrimonio Dominicano Patrimonio Dominicano Depósito 16.09.2009 LF1   340.115 M516p, 2009 8399-10 25.06.2020   25.06.2020 Libro y Folleto Colección Patrimonio Dominicano
      Excluido de préstamo Patrimonio Dominicano Patrimonio Dominicano Patrimonio Dominicano Depósito 16.09.2009 LF1   340.115 M516p, 2009 8399-20 25.06.2020 e.2 25.06.2020 Libro y Folleto Colección Patrimonio Dominicano

Powered by Koha